Hogares Mundet : a new experiment in human relations / By George A. Floris a new experiment in human relations / By George A. Floris
Publicado:
Christian democrat, no. 3 (Dec. 1963), pàg. 15 - 18 :
Descripción Física:
fot. ; 22 cm
Materias:
Llars Mundet
MARC
| LEADER | 00000nam a2200000Ia 4500 | ||
|---|---|---|---|
| 001 | 19651 | ||
| 008 | 160829s9999 xx 000 0 cat d | ||
| 080 | |a FU-10-13 | ||
| 100 | |a Floris, George A. |9 41104 | ||
| 245 | |a Hogares Mundet : |b a new experiment in human relations / By George A. Floris | ||
| 260 | |a Christian democrat, no. 3 (Dec. 1963), pàg. 15 - 18 | ||
| 300 | |a fot. ; |c 22 cm | ||
| 590 | |a Text en anglès. | ||
| 590 | |a Prové de J-1452 | ||
| 610 | 0 | |a Llars Mundet |9 3004 | |
| 710 | |a Llars Mundet |9 3004 | ||
| 901 | |a Arxiu | ||
| 942 | |n 1 | ||
| 952 | |0 0 |1 0 |4 0 |6 FU1013 |7 1 |9 50046 |a Arxiu |b Arxiu |d 2016-12-01 |l 0 |o FU-10-13 |p 19651 |r 2016-12-01 00:00:00 |w 2016-12-01 |y ARXIU | ||
| 999 | |c 53888 |d 53888 | ||